Top 12 Languages Spoken in Asia - Statistics

General Stats
  • This quiz has been taken 32,676 times
    32,620 since last reset
  • The average score is 7 of 12
Answer Stats
Native Speakers Language % Correct
950 mil Mandarin
96%
125 mil Japanese
91%
305 mil Hindi
86%
100 mil Arabic
81%
76 mil Korean
80%
77 mil Malay/Indonesian
74%
76 mil Vietnamese
69%
200 mil Bengali
55%
95 mil Punjabi
36%
80 mil Wu (Shanghainese)
30%
98 mil Javanese
18%
76 mil Telugu
16%
No matching quizzes found
Score Distribution
Percent of People with Each Score
Percentile by Number Answered
Your Score History
You have not taken this quiz since the last reset